000 00434nam a22001817a 4500
999 _c7810
_d7808
005 20210904140213.0
008 210821b ||||| |||| 00| 0 eng d
020 _a9781847660527
041 _aeng
082 _a345.410 268
100 _aBENNETT,TIM
_96539
245 _aMONEY LAUNDERING COMPLIANCE
250 _a2nd.Ed.
260 _aU.K.[W.S.]
_bTOTTEL PUBLISHING
_c2007
300 _a557,p
650 _aLAW
_95701
942 _cBK